| 000 | 01391nac a22003371i 4500 | ||
|---|---|---|---|
| 003 | EG-ScBUE | ||
| 005 | 20240528110734.0 | ||
| 008 | 240528t2002 nyu f b 001 0 eng d | ||
| 020 | _a0312295847 (pbk.) | ||
| 035 | _a(UkLWHE)b000140306 | ||
| 040 |
_aEG-ScBUE _beng _erda _cEG-ScBUE _dEG-ScBUE |
||
| 082 | 0 | 4 |
_a958.1045 _bNOJ _222 |
| 100 | 1 |
_aNojumi, Neamatollah, _eauthor. |
|
| 245 | 1 | 4 |
_aThe rise of the Taliban in Afghanistan : _bmass mobilization, civil war, and the future of the region / _cNeamatollah Nojumi. |
| 250 | _aFirst edition. | ||
| 264 | 1 |
_aNew York ; _aHoundmills, Basingstoke, Hampshire : _bPalgrave, _c[2002] |
|
| 264 | 4 | _cc2002 | |
| 300 |
_axii, 260 pages ; _c24 cm |
||
| 336 |
_2rdacontent _atext _btxt |
||
| 337 |
_aunmediated _2rdamedia _bn |
||
| 338 |
_avolume _bnc _2rdacarrier |
||
| 504 | _aIncludes bibliographical references and index. | ||
| 610 | 2 | 7 |
_aTaliban. _2BUEsh |
| 651 | 7 |
_aAfghanistan _xPolitics and government _y1973-1989. _2BUEsh |
|
| 651 | 7 |
_aAfghanistan _xPolitics and government _y1989-2001. _2BUEsh |
|
| 655 | _vReading book | ||
| 856 | 4 | 2 |
_3Contributor biographical information _uhttp://www.loc.gov/catdir/bios/hol051/2003446094.html |
| 856 | 4 | 2 |
_3Publisher description _uhttp://www.loc.gov/catdir/description/hol032/2003446094.html |
| 856 | 4 | 2 |
_3Table of contents _uhttp://www.loc.gov/catdir/toc/hol031/2003446094.html |
| 942 |
_cBB _2ddc |
||
| 999 |
_c7592 _d7592 |
||